|
|
|
|
| LEADER |
00000nab a2200000 a 4500 |
| 001 |
vtls010739906 |
| 003 |
SK-MaSNL |
| 005 |
20260304185711.0 |
| 008 |
250709s2005 xo |||||||||||||||||slo| |
| 035 |
|
|
|a (urnnbn)urn:nbn:sk:snk:ar-a05s28
|
| 035 |
|
|
|a (uuid)f0914b2c-abca-42ea-b0ad-02ea5177acbb
|
| 035 |
|
|
|a urn:nbn:sk:snk-ab40ih
|
| 040 |
|
|
|a SNKBUCL
|b slo
|c SNKBUCL
|e AACR2
|
| 041 |
0 |
|
|a cze
|
| 044 |
|
|
|a xo
|c SK
|
| 100 |
1 |
|
|a Macešková, Božena
|4 aut
|9 1148548
|
| 245 |
1 |
0 |
|a MONITOROVÁNÍ TERAPIE ASTMATICKÝCH PACIENTŮ V LÉKÁRNĚ
|c Božena Macešková, Daniela Fridrichová
|
| 700 |
1 |
|
|a Fridrichová, Daniela
|4 aut
|9 315484
|
| 773 |
0 |
|
|t Klinická farmakologie a farmacie
|g Roč. 19, č. 4 (2005), s. 206-210
|
| 850 |
|
|
|a Slovenská národná knižnica
|
| 852 |
|
|
|a Slovenská národná knižnica
|
| 954 |
|
|
|a odborná, vedecká literatúra cudzojazyčná (svetová)
|2 lita
|
| 958 |
|
|
|a article1
|
| 958 |
|
|
|a OND
|
| 958 |
|
|
|a EUIPO
|
| 999 |
|
|
|c 3045481
|d 3047411
|